Petőfi ünnepség egyetemünkön

Elmentve itt :
Bibliográfiai részletek
Szerző: Lukácsy Sándor
Dokumentumtípus: Cikk
Megjelent: 1973
Sorozat:Acta Universitatis Szegediensis : acta iuvenum : sectio philologica et historica 6
Kulcsszavak:Petőfi Sándor, Irodalomtörténet
Online Access:http://acta.bibl.u-szeged.hu/6003
LEADER 00687nab a2200181 i 4500
001 acta6003
005 20210604122616.0
008 161015s1973 hu o 0|| hun d
022 |a 0324-6523 
040 |a SZTE Egyetemi Kiadványok Repozitórium  |b hun 
041 |a hun 
100 1 |a Lukácsy Sándor 
245 1 0 |a Petőfi ünnepség egyetemünkön  |h [elektronikus dokumentum] /  |c  Lukácsy Sándor 
260 |c 1973 
300 |a 127-133 
490 0 |a Acta Universitatis Szegediensis : acta iuvenum : sectio philologica et historica  |v 6 
695 |a Petőfi Sándor, Irodalomtörténet 
856 4 0 |u http://acta.bibl.u-szeged.hu/6003/1/iuvenum_philologica_et_historica_006_127-133.pdf  |z Dokumentum-elérés